[Event "HUN-chT2 Erkel 1617"]
[Site "Hungary"]
[Date "2016.10.30"]
[Round "3.6"]
[White "Kiss, Gedeon"]
[Black "Matuska, Miklos"]
[Result "1/2-1/2"]
[WhiteElo "2241"]
[BlackElo "2037"]
[PlyCount "27"]
[EventDate "2016.09.25"]
[EventType "team-tourn"]
[EventRounds "11"]
[EventCountry "HUN"]
[SourceTitle "EXT 2021"]
[Source "ChessBase"]
[SourceDate "2020.10.23"]
[SourceVersion "1"]
[SourceVersionDate "2020.10.23"]
[SourceQuality "1"]
[WhiteTeam "Szigetszentmiklos"]
[BlackTeam "Pestszentlorinc"]
[WhiteTeamCountry "HUN"]
[BlackTeamCountry "HUN"]

1. e4 c5 2. Nf3 d6 3. d4 cxd4 4. Nxd4 Nf6 5. Nc3 a6 6. Be3 e5 7. Nb3 Be6 8. Qd2 Be7 9. f3 Nbd7 10. 0-0-0 b5 11. g4 Nb6 12. g5 Nfd7 13. h4 Nc4 14. Bh3 1/2-1/2

[Event "HUN-chT2 Charousek 0203"]
[Site "Hungary"]
[Date "2002.11.24"]
[Round "3.3"]
[White "Kulcsar, Tamas"]
[Black "Kiss, Gedeon"]
[Result "1-0"]
[WhiteElo "2169"]
[BlackElo "2318"]
[PlyCount "83"]
[EventDate "2002.09.22"]
[EventType "team"]
[EventRounds "11"]
[EventCountry "HUN"]
[SourceTitle "EXT 2004"]
[Source "ChessBase"]
[SourceDate "2003.11.25"]
[SourceVersion "1"]
[SourceVersionDate "2003.11.25"]
[SourceQuality "1"]
[WhiteTeam "Vizugy"]
[BlackTeam "Penzugyor"]
[WhiteTeamCountry "HUN"]
[BlackTeamCountry "HUN"]

1. d4 Nf6 2. c4 g6 3. Nc3 Bg7 4. e4 d6 5. f3 0-0 6. Be3 e5 7. d5 Nh5 8. Qd2 f5 9. 0-0-0 a6 10. Kb1 Nd7 11. Bd3 Nc5 12. Bc2 b5 13. b4 Nd7 14. c5 a5 15. c6 Ndf6 16. a3 Nf4 17. g3 N4h5 18. Nge2 fxe4 19. Nxe4 axb4 20. axb4 Nxe4 21. fxe4 Bh3 22. Kb2 Nf6 23. Ra1 Rxa1 24. Rxa1 Ng4 25. Ng1 Bf1 26. Bd3 Nxh2 27. Bg5 Qc8 28. Bxf1 Nxf1 29. Qd3 Qg4 30. Rxf1 Qxg5 31. Rxf8+ Bxf8 32. Ne2 h5 33. Nc3 h4 34. gxh4 Qxh4 35. Nxb5 Qf2+ 36. Kb3 Qb6 37. Na3 Bh6 38. Nc4 Qg1 39. b5 g5 40. b6 cxb6 41. Nxd6 Qc1 42. Qc2 1-0

[Event "FRA-chT2W 0203"]
[Site "France"]
[Date "2002.11.16"]
[Round "2"]
[White "Sauvadet, Herve"]
[Black "Kiss, Gedeon"]
[Result "1/2-1/2"]
[WhiteElo "2107"]
[BlackElo "2318"]
[PlyCount "113"]
[EventDate "2002.10.??"]
[EventType "team"]
[EventRounds "11"]
[EventCountry "FRA"]
[SourceTitle "EXT 2004"]
[Source "ChessBase"]
[SourceDate "2003.11.25"]
[SourceVersion "1"]
[SourceVersionDate "2003.11.25"]
[SourceQuality "1"]
[WhiteTeam "Clermont Ferrand"]
[BlackTeam "Bagneux"]
[WhiteTeamCountry "FRA"]
[BlackTeamCountry "FRA"]

1. e4 c5 2. Nc3 e6 3. g3 d5 4. Bg2 Nf6 5. d3 Nc6 6. exd5 exd5 7. Nge2 Be7 8. 0-0 d4 9. Ne4 Nxe4 10. dxe4 Bg4 11. f3 Bd7 12. Nf4 c4 13. Nd5 Bc5 14. Kh1 h5 15. h3 Ne7 16. c3 dxc3 17. bxc3 Nxd5 18. Qxd5 Qb6 19. Qxc4 0-0 20. Qb3 Qa6 21. a4 Be6 22. Qc2 Rfd8 23. Bf4 Qd3 24. Qb2 b6 25. a5 b5 26. Kh2 a6 27. Bc7 Rdc8 28. Rfd1 Qc4 29. Be5 Rd8 30. f4 Qb3 31. Qe2 h4 32. f5 hxg3+ 33. Bxg3 Bc4 34. Qg4 Qxc3 35. e5 Rd4 36. Rxd4 Bxd4 37. f6 g6 38. Re1 Re8 39. Qg5 Bc5 40. h4 Bf8 41. h5 Qc2 42. hxg6 Qxg6 43. Qxg6+ fxg6 44. Bc6 Re6 45. Bd7 Bb4 46. Rd1 Bxa5 47. Bxe6+ Bxe6 48. Ra1 Bc3 49. Rxa6 Bc4 50. Ra7 b4 51. Rc7 Be6 52. Kg2 b3 53. f7+ Kf8 54. Bf4 g5 55. Bxg5 Bxe5 56. Bh6+ Bg7 57. Bxg7+ 1/2-1/2

[Event "HUN-chT2 0102"]
[Site "Hungary"]
[Date "2002.04.21"]
[Round "11"]
[White "Kiss, Gedeon"]
[Black "Zakarias, David"]
[Result "1-0"]
[WhiteElo "2311"]
[BlackElo "2220"]
[PlyCount "73"]
[EventDate "2001.??.??"]
[EventType "team"]
[EventRounds "11"]
[EventCountry "HUN"]
[SourceTitle "EXT 2004"]
[Source "ChessBase"]
[SourceDate "2003.11.25"]
[SourceVersion "1"]
[SourceVersionDate "2003.11.25"]
[SourceQuality "1"]

1. e4 c5 2. Nf3 e6 3. d4 cxd4 4. Nxd4 a6 5. Nc3 Qc7 6. Be2 Bb4 7. 0-0 Nf6 8. Qd3 0-0 9. Bg5 Bxc3 10. bxc3 Qe5 11. f4 Qxe4 12. Qg3 Nd5 13. Kh1 Ne3 14. Bd3 Qxg2+ 15. Qxg2 Nxg2 16. Kxg2 b5 17. a4 Bb7+ 18. Kg1 bxa4 19. Rfb1 Bd5 20. c4 Nc6 21. cxd5 Nxd4 22. Be7 Rfc8 23. Rxa4 Nxc2 24. Rxa6 Ne3 25. Rxa8 Rxa8 26. d6 Nd5 27. Be4 f5 28. Bxd5 exd5 29. Rb7 d4 30. Kf1 d3 31. Ke1 Kf7 32. Rxd7 Ke6 33. Rb7 Ra2 34. Bf8 Ra4 35. Re7+ Kf6 36. Bxg7+ Kg6 37. d7 1-0

[Event "FRA-chT2"]
[Site "France"]
[Date "2002.03.??"]
[Round "9.2"]
[White "Daumens, Michel"]
[Black "Kiss, Gedeon"]
[Result "1-0"]
[WhiteElo "2207"]
[BlackElo "2311"]
[PlyCount "77"]
[EventDate "2002.??.??"]
[EventType "team"]
[EventRounds "11"]
[EventCountry "FRA"]
[SourceTitle "EXT 2003"]
[Source "ChessBase"]
[SourceDate "2002.11.25"]
[SourceVersion "1"]
[SourceVersionDate "2002.11.25"]
[SourceQuality "1"]

1. e4 c5 2. Nf3 e6 3. d3 Nc6 4. g3 d5 5. Nbd2 g6 6. Bg2 Bg7 7. 0-0 Nge7 8. Re1 b6 9. c3 a5 10. Nf1 Ba6 11. e5 Qc7 12. Bf4 d4 13. c4 h6 14. h4 0-0-0 15. a3 Bb7 16. Qe2 g5 17. hxg5 Ng6 18. Bd2 h5 19. b4 cxb4 20. axb4 axb4 21. Ra4 h4 22. Bxb4 h3 23. Bh1 Bxe5 24. Rea1 h2+ 25. N3xh2 Nf4 26. gxf4 Bxf4 27. Nf3 Nxb4 28. Rxb4 Rxh1+ 29. Kxh1 Rh8+ 30. Kg2 Qe7 31. Rb5 e5 32. Rd5 Qe6 33. Ng1 Bxd5+ 34. cxd5 Qxd5+ 35. Qf3 Qxf3+ 36. Nxf3 Kb7 37. Re1 Rg8 38. Ng3 Bxg5 39. Rxe5 1-0

[Event "HUN-chT2 0102"]
[Site "Hungary"]
[Date "2001.11.18"]
[Round "3"]
[White "Bors, Tamas"]
[Black "Kiss, Gedeon"]
[Result "0-1"]
[WhiteElo "2250"]
[BlackElo "2311"]
[PlyCount "50"]
[EventDate "2001.??.??"]
[EventType "team"]
[EventRounds "11"]
[EventCountry "HUN"]
[SourceTitle "EXT 2004"]
[Source "ChessBase"]
[SourceDate "2003.11.25"]
[SourceVersion "1"]
[SourceVersionDate "2003.11.25"]
[SourceQuality "1"]

1. c4 g6 2. g3 Bg7 3. Bg2 d6 4. Nc3 Nc6 5. e4 e5 6. Nge2 Be6 7. Nd5 Qd7 8. d3 Nd8 9. d4 c6 10. Ne3 Ne7 11. d5 Bh3 12. dxc6 bxc6 13. Bxh3 Qxh3 14. Qxd6 Ne6 15. Ng1 Qh5 16. h4 Rd8 17. Qa3 f5 18. f3 Nd4 19. g4 fxg4 20. fxg4 Qh6 21. Bd2 Nc2+ 22. Nxc2 Qxd2+ 23. Kf1 0-0+ 24. Nf3 Qxc2 25. Rh3 Rd3 0-1

[Event "HUN-chT 0001"]
[Site "Hungary"]
[Date "2001.04.08"]
[Round "10"]
[White "Vajda, Levente"]
[Black "Kiss, Gedeon"]
[Result "1-0"]
[WhiteElo "2447"]
[BlackElo "2308"]
[PlyCount "53"]
[EventDate "2000.11.26"]
[EventType "team"]
[EventRounds "11"]
[EventCountry "HUN"]
[SourceTitle "EXT 2009"]
[Source "ChessBase"]
[SourceDate "2008.11.26"]
[SourceVersion "1"]
[SourceVersionDate "2008.11.26"]
[SourceQuality "1"]
[WhiteTeam "Nagykanizsa"]
[BlackTeam "Penzugyor"]
[WhiteTeamCountry "HUN"]
[BlackTeamCountry "HUN"]

1. e4 c5 2. Nf3 e6 3. c3 d5 4. exd5 Qxd5 5. d4 Nf6 6. Be3 cxd4 7. cxd4 Nc6 8. Nc3 Qd6 9. a3 Be7 10. Bd3 0-0 11. Qc2 h6 12. 0-0 Ng4 13. Rad1 b6 14. Nb5 Nxe3 15. fxe3 Qd7 16. Ne5 Nxe5 17. dxe5 Qb7 18. Bh7+ Kh8 19. Be4 Qb8 20. Bxa8 Qxa8 21. Nd6 Ba6 22. Nxf7+ Kg8 23. Nxh6+ gxh6 24. Qg6+ Kh8 25. Qxh6+ Kg8 26. Qxe6+ Kh8 27. Qxe7 1-0

[Event "HUN-chT 0001"]
[Site "Hungary"]
[Date "2000.12.17"]
[Round "3"]
[White "Kiss, Gedeon"]
[Black "Lakos, Nikoletta"]
[Result "1/2-1/2"]
[WhiteElo "2308"]
[BlackElo "2327"]
[PlyCount "34"]
[EventDate "2000.11.26"]
[EventType "team"]
[EventRounds "11"]
[EventCountry "HUN"]
[SourceTitle "EXT 2009"]
[Source "ChessBase"]
[SourceDate "2008.11.26"]
[SourceVersion "1"]
[SourceVersionDate "2008.11.26"]
[SourceQuality "1"]
[WhiteTeam "Penzugyor"]
[BlackTeam "Haladas"]
[WhiteTeamCountry "HUN"]
[BlackTeamCountry "HUN"]

1. e4 c5 2. Nf3 Nc6 3. Bb5 e6 4. 0-0 Nge7 5. Re1 Ng6 6. c3 a6 7. Bf1 Be7 8. d4 d6 9. Be3 0-0 10. Nbd2 b6 11. a3 Nb8 12. b4 Nd7 13. Qb1 Rb8 14. g3 Nf6 15. h3 Qc7 16. Bg2 e5 17. Qd3 h6 1/2-1/2

[Event "HUN-chT2 9900"]
[Site "Hungary"]
[Date "2000.02.13"]
[Round "7"]
[White "Jeszenkovics, Tibor"]
[Black "Kiss, Gedeon"]
[Result "0-1"]
[WhiteElo "2183"]
[BlackElo "2326"]
[PlyCount "42"]
[EventDate "1999.09.26"]
[EventType "team"]
[EventRounds "11"]
[EventCountry "HUN"]
[SourceTitle "EXT 2002"]
[Source "ChessBase"]
[SourceDate "2001.11.25"]
[SourceVersion "1"]
[SourceVersionDate "2001.11.25"]
[SourceQuality "1"]

1. Nf3 Nf6 2. g3 d5 3. Bg2 c6 4. d3 Bg4 5. Nbd2 Nbd7 6. b3 e5 7. Bb2 e4 8. Ne5 Nxe5 9. Bxe5 exd3 10. cxd3 Ba3 11. 0-0 0-0 12. Nf3 Re8 13. d4 Ne4 14. Qd3 f6 15. Bf4 Qd7 16. Rab1 a5 17. Be3 Bf5 18. Nh4 Be6 19. Bc1 Bf8 20. f3 Nd6 21. e4 g5 0-1

[Event "HUN-chT2 9900"]
[Site "Hungary"]
[Date "1999.11.14"]
[Round "4"]
[White "Kiss, Gedeon"]
[Black "Schlusnik, Nandor"]
[Result "1-0"]
[WhiteElo "2326"]
[BlackElo "2289"]
[PlyCount "67"]
[EventDate "1999.09.26"]
[EventType "team"]
[EventRounds "11"]
[EventCountry "HUN"]
[SourceTitle "EXT 2002"]
[Source "ChessBase"]
[SourceDate "2001.11.25"]
[SourceVersion "1"]
[SourceVersionDate "2001.11.25"]
[SourceQuality "1"]

1. e4 d6 2. d4 e5 3. Nf3 Nd7 4. Bc4 Be7 5. dxe5 Nxe5 6. Nxe5 dxe5 7. Qh5 g6 8. Qxe5 Nf6 9. Bh6 Rg8 10. h3 Qd6 11. Qxd6 Bxd6 12. 0-0 Be5 13. Nd2 g5 14. Nf3 Bf4 15. h4 g4 16. Bxf4 gxf3 17. g3 c6 18. Rad1 Nh5 19. Bg5 Bh3 20. Rfe1 Rg6 21. e5 h6 22. Be3 Ng7 23. Rd6 Nf5 24. Rxg6 fxg6 25. Bf4 Rd8 26. e6 Ke7 27. Bd3 Rh8 28. Bd2 b6 29. Bc3 Rg8 30. Be4 g5 31. hxg5 hxg5 32. Bxf3 c5 33. Bh5 Rd8 34. Re5 1-0

[Event "Budapest FS07 IM"]
[Site "Budapest"]
[Date "1999.07.06"]
[Round "4"]
[White "Schebler, Gerhard"]
[Black "Kiss, Gedeon"]
[Result "1-0"]
[WhiteElo "2443"]
[BlackElo "2326"]
[PlyCount "63"]
[EventDate "1999.07.05"]
[EventType "tourn"]
[EventRounds "13"]
[EventCountry "HUN"]
[EventCategory "3"]
[SourceTitle "CBM 071 Extra"]
[Source "ChessBase"]
[SourceDate "1999.09.14"]
[SourceVersion "1"]
[SourceVersionDate "1999.09.14"]
[SourceQuality "1"]

1. Nf3 Nf6 2. g3 d5 3. Bg2 c6 4. 0-0 Bg4 5. c4 e6 6. cxd5 exd5 7. Qb3 Qb6 8. Qc2 Nbd7 9. Nc3 Bd6 10. d3 0-0 11. e4 Rfe8 12. Nh4 Rac8 13. Be3 Qa6 14. h3 Be6 15. Rad1 dxe4 16. dxe4 Bc5 17. Bxc5 Nxc5 18. b3 b5 19. Rd4 Qb6 20. Rfd1 a5 21. Ne2 a4 22. Nc1 axb3 23. axb3 Ra8 24. Rd6 Nfxe4 25. b4 Nxd6 26. bxc5 Qa6 27. cxd6 Bc4 28. Nf5 g6 29. Ne7+ Kg7 30. Bxc6 Rxe7 31. dxe7 Qxc6 32. Rd8 1-0

[Event "Budapest FS07 IM"]
[Site "Budapest"]
[Date "1999.07.05"]
[Round "12"]
[White "Fordan, Tibor"]
[Black "Kiss, Gedeon"]
[Result "0-1"]
[WhiteElo "2272"]
[BlackElo "2326"]
[PlyCount "70"]
[EventDate "1999.07.05"]
[EventType "tourn"]
[EventRounds "13"]
[EventCountry "HUN"]
[EventCategory "3"]
[SourceTitle "CBM 071 Extra"]
[Source "ChessBase"]
[SourceDate "1999.09.14"]
[SourceVersion "1"]
[SourceVersionDate "1999.09.14"]
[SourceQuality "1"]

1. d4 Nf6 2. c4 g6 3. Nc3 Bg7 4. e4 d6 5. Nf3 0-0 6. Be2 e5 7. 0-0 Nc6 8. d5 Ne7 9. Nd2 a5 10. a3 Nd7 11. Rb1 f5 12. b4 Kh8 13. Qc2 Nf6 14. f3 axb4 15. axb4 c6 16. Kh1 g5 17. dxc6 bxc6 18. b5 g4 19. c5 dxc5 20. b6 Rb8 21. Nc4 gxf3 22. gxf3 fxe4 23. fxe4 Ng6 24. Bg5 Bh3 25. Rf3 Be6 26. Rd1 Qe7 27. Na4 h6 28. Be3 Ng4 29. Bxc5 Qh4 30. Rxf8+ Bxf8 31. Bg1 Nf4 32. Bf1 Be7 33. Ne3 Rg8 34. Nf5 Bb3 35. Qxb3 Qxh2+ 0-1

[Event "Budapest FS07 IM"]
[Site "Budapest"]
[Date "1999.07.05"]
[Round "3"]
[White "Kiss, Gedeon"]
[Black "Serrer, Christoph"]
[Result "1/2-1/2"]
[WhiteElo "2326"]
[BlackElo "2257"]
[PlyCount "61"]
[EventDate "1999.07.05"]
[EventType "tourn"]
[EventRounds "13"]
[EventCountry "HUN"]
[EventCategory "3"]
[SourceTitle "CBM 071 Extra"]
[Source "ChessBase"]
[SourceDate "1999.09.14"]
[SourceVersion "1"]
[SourceVersionDate "1999.09.14"]
[SourceQuality "1"]

1. c4 c6 2. e4 d5 3. exd5 cxd5 4. cxd5 Qxd5 5. Nc3 Qd6 6. d4 Nf6 7. Nge2 e6 8. g3 Bd7 9. Bf4 Qb6 10. Bg2 Bc6 11. d5 exd5 12. 0-0 Be7 13. Be3 Bc5 14. Na4 Bxa4 15. Qxa4+ Nc6 16. Bg5 Be7 17. Nf4 0-0 18. Bxf6 Bxf6 19. Nxd5 Qd4 20. Qb5 Rab8 21. Rab1 a6 22. Nxf6+ Qxf6 23. Qb6 Qd8 24. Qxd8 Rfxd8 25. Bxc6 bxc6 26. Rfc1 Rb6 27. b4 Kf8 28. Kf1 Rd4 29. a3 a5 30. bxa5 Rxb1 31. Rxb1 1/2-1/2

[Event "Budapest FS07 IM"]
[Site "Budapest"]
[Date "1999.07.04"]
[Round "2"]
[White "Farago, Sandor"]
[Black "Kiss, Gedeon"]
[Result "0-1"]
[WhiteElo "2295"]
[BlackElo "2326"]
[PlyCount "42"]
[EventDate "1999.07.05"]
[EventType "tourn"]
[EventRounds "13"]
[EventCountry "HUN"]
[EventCategory "3"]
[SourceTitle "CBM 071 Extra"]
[Source "ChessBase"]
[SourceDate "1999.09.14"]
[SourceVersion "1"]
[SourceVersionDate "1999.09.14"]
[SourceQuality "1"]

1. c4 g6 2. Nf3 Bg7 3. Nc3 d6 4. d4 Nf6 5. g3 0-0 6. Bg2 Nc6 7. 0-0 a6 8. a3 e5 9. d5 Ne7 10. e4 b5 11. Re1 bxc4 12. Nd2 c6 13. dxc6 Nxc6 14. Nxc4 Nd4 15. Be3 Bg4 16. f3 Be6 17. Nd2 Re8 18. Rb1 Qa5 19. h3 Rec8 20. f4 Re8 21. Bf2 Qc7 0-1

[Event "HUN-ch U18"]
[Site "Paks"]
[Date "1999.04.03"]
[Round "8"]
[White "Zakarias, David"]
[Black "Kiss, Gedeon"]
[Result "0-1"]
[WhiteElo "2192"]
[BlackElo "2259"]
[PlyCount "78"]
[EventDate "1999.03.27"]
[EventType "tourn"]
[EventRounds "9"]
[EventCountry "HUN"]
[SourceTitle "EXT 2004"]
[Source "ChessBase"]
[SourceDate "2003.11.25"]
[SourceVersion "1"]
[SourceVersionDate "2003.11.25"]
[SourceQuality "1"]

1. d4 Nf6 2. Nf3 g6 3. c4 Bg7 4. g3 0-0 5. Bg2 d6 6. Nc3 Nc6 7. d5 Na5 8. Nd2 c5 9. 0-0 Rb8 10. Rb1 a6 11. b3 b5 12. Qc2 h5 13. Bb2 Bf5 14. e4 Bd7 15. f4 h4 16. Nd1 bxc4 17. bxc4 e5 18. fxe5 Ng4 19. e6 Rxb2 20. Rxb2 Bd4+ 21. Kh1 fxe6 22. Rb1 Nxh2 23. Rxf8+ Qxf8 24. gxh4 Qf4 25. e5 Kg7 26. Qe4 Qxd2 27. h5 gxh5 28. Kxh2 exd5 29. cxd5 Bxe5+ 30. Kh1 Qg5 31. Ne3 Bf4 32. Nc2 Bf5 33. Qe2 c4 34. Be4 Qh4+ 35. Kg2 Qh2+ 36. Kf1 Qxe2+ 37. Kxe2 Bxe4 38. Rg1+ Kf6 39. Nb4 Ke5 0-1

[Event "HUN-ch U18"]
[Site "Paks"]
[Date "1999.03.29"]
[Round "3"]
[White "Kiss, Gedeon"]
[Black "Toth, Andras"]
[Result "1-0"]
[WhiteElo "2259"]
[BlackElo "2301"]
[PlyCount "53"]
[EventDate "1999.03.27"]
[EventType "tourn"]
[EventRounds "9"]
[EventCountry "HUN"]
[SourceTitle "EXT 2004"]
[Source "ChessBase"]
[SourceDate "2003.11.25"]
[SourceVersion "1"]
[SourceVersionDate "2003.11.25"]
[SourceQuality "1"]

1. e4 c5 2. Nf3 e6 3. d4 cxd4 4. Nxd4 Nc6 5. Nc3 d6 6. Be3 a6 7. Be2 Nf6 8. 0-0 Be7 9. f4 Qc7 10. a4 Bd7 11. Nb3 b6 12. Kh1 Bc8 13. Qe1 Bb7 14. Qg3 g6 15. Rae1 Nb4 16. Bd3 h5 17. Bd4 Nc6 18. e5 h4 19. Qh3 dxe5 20. fxe5 Nd7 21. Rxf7 Kxf7 22. Nd5 exd5 23. e6+ Ke8 24. exd7+ Qxd7 25. Bxg6+ Kd8 26. Bxb6+ Kc8 27. Bf5 1-0

[Event "HUN-ch U18"]
[Site "Paks"]
[Date "1999.03.28"]
[Round "2"]
[White "Kovacs, Adrian"]
[Black "Kiss, Gedeon"]
[Result "0-1"]
[WhiteElo "2159"]
[BlackElo "2259"]
[PlyCount "140"]
[EventDate "1999.03.27"]
[EventType "tourn"]
[EventRounds "9"]
[EventCountry "HUN"]
[SourceTitle "EXT 2004"]
[Source "ChessBase"]
[SourceDate "2003.11.25"]
[SourceVersion "1"]
[SourceVersionDate "2003.11.25"]
[SourceQuality "1"]

1. c4 g6 2. Nf3 Bg7 3. Nc3 e5 4. d4 exd4 5. Bg5 f6 6. Qxd4 Nc6 7. Qe3+ Nce7 8. Bf4 g5 9. Bg3 Nh6 10. Nd4 Ng4 11. Qe4 d5 12. Nxd5 f5 13. Ne6 fxe4 14. Ndxc7+ Kf7 15. Nxd8+ Rxd8 16. Rd1 Be6 17. Nxa8 Rxa8 18. e3 Bxb2 19. Be2 Bc3+ 20. Kf1 Nc6 21. h4 h6 22. hxg5 hxg5 23. Rh7+ Bg7 24. Rd6 Bf5 25. Rh5 Bf6 26. c5 Kg6 27. Rh1 Rc8 28. Ke1 Re8 29. Kd2 Kg7 30. Bb5 Nge5 31. Rb1 Re7 32. Ke1 Nd3+ 33. Ke2 Nce5 34. Bxe5 Bxe5 35. Rd5 Be6 36. Rd8 Bxa2 37. Rh1 Nxc5 38. Rdh8 Bg8 39. R8h5 Bf6 40. f4 exf3+ 41. gxf3 a6 42. Bd3 Nxd3 43. Kxd3 b5 44. f4 gxf4 45. Rg1+ Kf8 46. exf4 Bc4+ 47. Kd2 a5 48. Rc5 a4 49. Rc6 Kf7 50. Ra6 Re2+ 51. Kd1 Rf2 52. Rh1 Rxf4 53. Kd2 Bb3 54. Ke3 Rf5 55. Rh7+ Kg6 56. Rb7 Re5+ 57. Kf4 Re6 58. Ra8 Bg5+ 59. Kg4 Re3 60. Ra6+ Be6+ 61. Rxe6+ Rxe6 62. Rxb5 Re4+ 63. Kf3 Rd4 64. Ra5 Bc1 65. Ke2 a3 66. Ra6+ Kf5 67. Ke1 Bb2 68. Ke2 Ke4 69. Ra8 Kd5 70. Ke3 Kc4 0-1

[Event "HUN-ch U18"]
[Site "Paks"]
[Date "1999.03.27"]
[Round "1"]
[White "Kiss, Gedeon"]
[Black "Bokros, Albert"]
[Result "1-0"]
[WhiteElo "2259"]
[BlackElo "2344"]
[PlyCount "64"]
[EventDate "1999.03.27"]
[EventType "tourn"]
[EventRounds "9"]
[EventCountry "HUN"]
[SourceTitle "EXT 2004"]
[Source "ChessBase"]
[SourceDate "2003.11.25"]
[SourceVersion "1"]
[SourceVersionDate "2003.11.25"]
[SourceQuality "1"]

1. e4 c5 2. Nf3 e6 3. Nc3 Nc6 4. d4 cxd4 5. Nxd4 Nf6 6. Be3 Bb4 7. Bd3 d5 8. Nxc6 bxc6 9. e5 d4 10. exf6 dxe3 11. fxg7 Rg8 12. 0-0 exf2+ 13. Kh1 Rxg7 14. Rxf2 Kf8 15. Qf3 Bd7 16. Ne4 f5 17. g4 Kg8 18. gxf5 exf5 19. Ng3 Bd6 20. Nxf5 Bxf5 21. Qxf5 Qh4 22. Raf1 Kh8 23. Qe4 Qg5 24. Rf5 Qh6 25. Qe2 Qh4 26. Rh5 Qd4 27. c3 Qb6 28. Qe4 Qc7 29. Qd4 Kg8 30. Bc4+ Kh8 31. Rxh7+ Kxh7 32. Qh4+ Kg6 1-0

[Event "Budapest FS03 IM"]
[Site "Budapest"]
[Date "1999.03.17"]
[Round "12"]
[White "Kiss, Gedeon"]
[Black "Malada, Vinko"]
[Result "1/2-1/2"]
[WhiteElo "2259"]
[BlackElo "2265"]
[PlyCount "85"]
[EventDate "1999.03.??"]
[EventType "tourn"]
[EventRounds "13"]
[EventCountry "HUN"]
[EventCategory "3"]
[SourceTitle "EXT 2000"]
[Source "ChessBase"]
[SourceDate "1999.11.16"]
[SourceVersion "1"]
[SourceVersionDate "1999.11.16"]
[SourceQuality "1"]

1. e4 e5 2. Nf3 Nc6 3. Bb5 Nf6 4. Qe2 a6 5. Ba4 Bc5 6. c3 b5 7. Bb3 0-0 8. 0-0 d6 9. Rd1 Re8 10. a4 Bg4 11. d3 b4 12. a5 h6 13. Nbd2 bxc3 14. bxc3 d5 15. exd5 Nxd5 16. Ne4 Ba7 17. Bxh6 Nxc3 18. Nxc3 Nd4 19. Qe4 Bxf3 20. Qg6 Qf6 21. Qxf6 gxf6 22. gxf3 Nxb3 23. Rab1 Nd4 24. Kh1 Kh7 25. Be3 Rg8 26. Nd5 Rg6 27. Nxc7 Rc8 28. Nd5 Rd8 29. Ne7 Rg7 30. Bxd4 Bxd4 31. Nc6 Rd5 32. Nxd4 exd4 33. Rb6 Rxa5 34. Rxf6 Ra2 35. Rf4 Rxf2 36. Rxd4 Rxf3 37. Rh4+ Kg8 38. d4 Rf6 39. d5 Rd6 40. Rh3 Rg5 41. Rg3 Rxg3 42. hxg3 Kg7 43. Kg2 1/2-1/2

[Event "Budapest FS03 IM"]
[Site "Budapest"]
[Date "1999.03.15"]
[Round "10"]
[White "Kiss, Gedeon"]
[Black "Zimmerman, Yuri"]
[Result "0-1"]
[WhiteElo "2259"]
[BlackElo "2374"]
[PlyCount "114"]
[EventDate "1999.03.??"]
[EventType "tourn"]
[EventRounds "13"]
[EventCountry "HUN"]
[EventCategory "3"]
[SourceTitle "EXT 2000"]
[Source "ChessBase"]
[SourceDate "1999.11.16"]
[SourceVersion "1"]
[SourceVersionDate "1999.11.16"]
[SourceQuality "1"]

1. e4 d6 2. d4 Nf6 3. Nc3 g6 4. Bg5 Bg7 5. f4 h6 6. Bh4 c5 7. Bb5+ Bd7 8. e5 Nh5 9. Bxd7+ Qxd7 10. exd6 Nxf4 11. Qf3 g5 12. dxc5 Qc6 13. Bf2 Nxg2+ 14. Kf1 Nf4 15. Re1 Qa6+ 16. Nge2 Nc6 17. Kg1 Ne5 18. Qg3 exd6 19. Nxf4 gxf4 20. Qxf4 0-0-0 21. h4 h5 22. Rh3 Qc4 23. Qf5+ Qe6 24. Qxe6+ fxe6 25. cxd6 Rxd6 26. Nb5 Ra6 27. Rc3+ Nc6 28. Nxa7+ Rxa7 29. Rxc6+ bxc6 30. Bxa7 Bxb2 31. Rxe6 Kd7 32. Re1 Ra8 33. Rb1 Rxa7 34. Rxb2 Ra4 35. Kg2 Rxh4 36. Kg3 Ra4 37. c3 Kd6 38. Rh2 Ra3 39. Rc2 Kc5 40. Kh4 Kc4 41. Kxh5 Rxc3 42. Rg2 c5 43. Kg4 Re3 44. Kf4 Re8 45. Rg1 Kd3 46. Rd1+ Kc2 47. Rd7 c4 48. a4 Ra8 49. Ke4 c3 50. Ke3 Rxa4 51. Re7 Ra8 52. Ke2 Rd8 53. Re6 Kc1 54. Rc6 c2 55. Rc7 Re8+ 56. Kf2 Rb8 57. Ke2 Kb2 0-1

[Event "Budapest FS03 IM"]
[Site "Budapest"]
[Date "1999.03.13"]
[Round "8"]
[White "Kiss, Gedeon"]
[Black "Jamrich, Gyorgy"]
[Result "1-0"]
[WhiteElo "2259"]
[BlackElo "2273"]
[PlyCount "43"]
[EventDate "1999.03.??"]
[EventType "tourn"]
[EventRounds "13"]
[EventCountry "HUN"]
[EventCategory "3"]
[SourceTitle "EXT 2000"]
[Source "ChessBase"]
[SourceDate "1999.11.16"]
[SourceVersion "1"]
[SourceVersionDate "1999.11.16"]
[SourceQuality "1"]

1. e4 e6 2. d4 d5 3. Nc3 Bb4 4. e5 b6 5. Qg4 Bf8 6. Bg5 Qd7 7. h4 Ba6 8. Bxa6 Nxa6 9. Nge2 Nb4 10. 0-0-0 h6 11. Be3 0-0-0 12. h5 f5 13. Qh3 Ne7 14. Nf4 Rg8 15. g4 Nbc6 16. gxf5 Nxf5 17. Ncxd5 Nfxd4 18. Bxd4 Nxd4 19. Rxd4 exd5 20. e6 Qe7 21. Ng6 Qg5+ 22. f4 1-0

[Event "Budapest FS03 IM"]
[Site "Budapest"]
[Date "1999.03.12"]
[Round "7"]
[White "Khechumyan, Gagik"]
[Black "Kiss, Gedeon"]
[Result "1-0"]
[WhiteElo "2372"]
[BlackElo "2259"]
[PlyCount "75"]
[EventDate "1999.03.??"]
[EventType "tourn"]
[EventRounds "13"]
[EventCountry "HUN"]
[EventCategory "3"]
[SourceTitle "EXT 2000"]
[Source "ChessBase"]
[SourceDate "1999.11.16"]
[SourceVersion "1"]
[SourceVersionDate "1999.11.16"]
[SourceQuality "1"]

1. e4 c5 2. Nf3 Nc6 3. d4 cxd4 4. Nxd4 Nf6 5. Nc3 e5 6. Ndb5 d6 7. Nd5 Nxd5 8. exd5 Ne7 9. c4 Nf5 10. Bd3 Be7 11. 0-0 0-0 12. f4 exf4 13. Bxf4 Nh4 14. Qh5 Ng6 15. Rae1 f5 16. Bg3 a6 17. Nd4 Qb6 18. Bf2 Qxb2 19. Nxf5 Bf6 20. Re3 Bxf5 21. Bxf5 Bd4 22. Rh3 Rxf5 23. Qxf5 Rf8 24. Qe6+ Rf7 25. Rf3 Bf6 26. Bg3 Qxa2 27. Bxd6 Qxc4 28. g3 Qd4+ 29. Kg2 h5 30. Qe8+ Nf8 31. Bxf8 Rxf8 32. Qe6+ Kh7 33. d6 a5 34. d7 a4 35. Rxf6 gxf6 36. Qe7+ Kg8 37. Rxf6 Qd5+ 38. Kh3 1-0